00709nam a22001937a 450000500170000001000150001702000110003203500140004303700090005708200130006610000180007924500320009726000370012927001300016630000200029694200240031699900190034095201560035920260427115307.0 aENG-148243 c160.00 aEN-131775 bDBAD a158.121 aSai, Vasantha aAnanda Sutra/cVasantha Sai aTamil NadubMukthi Nilayamc2010 aRoyapalayam Village B.O. Tirumangalam S.O. Madurai-Virudhunagar Road, Madurai DtbTamil Nadue625706mmukthinilayam@gmail.com a144p.c21cm(pb) 2ddccENh158.1mSAI c215975d215975 001040708NFICaZLSbZLSd2026-04-27eDelivery of Books Act Divisiong160.00l0o158.1 SAIpEN-131775r2026-04-27 11:53:33t1v160.00w2026-04-27yEN